| 000 | 00921nam a22003017a 4500 | ||
|---|---|---|---|
| 001 | BR9603694 | ||
| 003 | BR-BrBNA | ||
| 005 | 20230928095044.0 | ||
| 007 | ta | ||
| 008 | 230509b bl.||||| |||| 00| 0 por d | ||
| 040 |
_aBR-BrBNA _bpor _cBiblioteca Nacional de Agricultura |
||
| 041 | _a(Por) | ||
| 072 |
_aL73 _b5100 _b4150 |
||
| 090 | _ 5100 BR9603694 | ||
| 100 | 1 | _aVargas, A.P.C. de | |
| 110 | 1 |
_aUniversidade Federal de Santa Maria, RS (Brasil) _0Tese (Mestre em Medicina Veterinaria) _99701 |
|
| 245 | 1 | _aHerpesvirus equino tipo 1: prevalencia em equinos no estado do Rio Grande do Sul, Brasil | |
| 260 | 3 |
_aSanta Maria, RS (Brasil): _c1989. |
|
| 300 | _a70 p. | ||
| 500 | _aBibliography p. 57-70; Summaries (Eng, Por) | ||
| 650 | _aEquino | ||
| 650 | _aHerpesvirus | ||
| 650 | _aSoro | ||
| 650 | _aImunizacao | ||
| 650 | _aRio Grande do Sul | ||
| 909 |
_a202309 _bLucia _c55 _dLucia Elande |
||
| 942 | _cBK | ||
| 999 |
_c54238 _d54238 |
||